Sports Quiz

Random Sports or NFL Quiz
Score 0/40 Timer 06:00
1 Play Today
% Correct
Emmitt Smith
97.2%
Tiki Barber
84.5%
Marion Barber
83.9%
Ezekiel Elliott
81.7%
LeSean McCoy
73%
Brian Westbrook
70.1%
John Riggins
65.5%
Clinton Portis
64.4%
Tony Dorsett
64.3%
DeMarco Murray
58.5%
Alfred Morris
58.2%
Joe Morris
57.9%
Brandon Jacobs
52.9%
Ahmad Bradshaw
46.3%
Ron Johnson
44.8%
Herschel Walker
38.9%
Duce Staley
38.3%
Stephen Davis
33.8%
Randall Cunningham
29.2%
Donovan McNabb
29.1%
% Correct
Timmy Brown
27.9%
Larry Brown
27.9%
Wilbert Montgomery
27.3%
Ricky Watters
25.9%
Rodney Hampton
25.3%
Mike Thomas
24.7%
Calvin Hill
21.9%
Frank Gifford
20%
Terry Allen
19.8%
Earnest Byner
16.8%
Steve Van Buren
14.4%
Ladell Betts
13%
Robert Newhouse
10.6%
Walt Garrison
8.7%
Don Perkins
7.7%
Doug Kotar
3.4%
Alex Webster
3.1%
Tom Woodeshick
2%
Cliff Battles
1.9%
Eddie Price
1.8%

You're not logged in!

Compare scores with friends on all Sporcle quizzes.
OR
Log In

Sporcle TV

Today on Sporcle TV


Watch our educational content, quiz creation guides, and fun videos on Sporcle TV.

Show Comments

Extras

Top Quizzes Today


Score Distribution

Paid Content

Your Account Isn't Verified!

In order to create a playlist on Sporcle, you need to verify the email address you used during registration. Go to your Sporcle Settings to finish the process.

Report this User

Report this user for behavior that violates our Community Guidelines.

Details: